00598nam a2200205Ia 4500008004100000020001800041050001500059050001600074100002400090245005100114245003100165245002500196260002300221260002600244260000900270300002000279300001100299650002900310650005300339160319s9999 xx 000 0 und d a9789712726699 a899.211301 b.A445s 2012 aVirgilio S Almario. aAng maikling kuwento sa Filipinas: 1896-1949 : bkasaysayan at antolohiya / cVirgilio S. Almario. aMandaluyong City : bAnvil Publishing Inc. c2012 axx, 354 pages : c26 cm. a Short stories, Tagalog. aShort stories, Tagalog -- History and criticism.